Seinfeld Trivia - Statistics

General Stats
  • This quiz has been taken 35,242 times
    22,774 since last reset
  • The average score is 14 of 20
Answer Stats
Hint Answer % Correct
Seinfeld is a show about ... Nothing
92%
Character who says "No Soup For You" The Soup Nazi
91%
Baseball team who George works for The Yankees
90%
Network that the show aired on originally NBC
88%
Jerry isn't ___, not that there's anything wrong with it Gay
87%
Kramer's first name Cosmo
86%
Jerry's enemy Newman
86%
Jerry's favorite superhero Superman
81%
Co-creator of the show, along with Jerry Seinfeld Larry David
74%
Fill in the blank: These pretzels are making me _______ Thirsty
74%
Holiday invented by Frank Costanza Festivus
73%
Object that George removed from a whale's blowhole Golf ball
69%
George's alias {Art} Vandelay
67%
Actor who played George Costanza Jason Alexander
63%
George's fiance Susan Ross
56%
Another name for a manssiere Bro
51%
Catalog that Elaine works for J. Peterman
50%
Game that George played with the Bubble Boy Trivial Pursuit
48%
Name of Jerry's dad Morty
43%
Oscar-winning movie that Elaine hates The English Patient
39%
No matching quizzes found
Score Distribution
Percent of People with Each Score
Percentile by Number Answered
Your Score History
You have not taken this quiz since the last reset